Statistics for European capitals by latitude

Click here to take the quiz!

General Stats

  • This quiz has been taken 167 times
  • The average score is 22 of 45

Answer Stats

HintAnswer% Correct
60,17Helsinki
93%
64,13Reykjavik
91%
59,95Oslo
89%
59,32Stockholm
84%
55,75Moscow
79%
56,93Riga
79%
59,43Tallinn
79%
55,67Copenhagen
75%
54,68Vilnius
73%
53,33Dublin
72%
52,52Berlin
71%
53,90Minsk
71%
52,37Amsterdam
68%
51,50London
66%
50,85Brussels
65%
52,23Warsaw
64%
50,08Prague
57%
50,45Kiev
55%
48,85Paris
53%
49,60Luxembourg
52%
48,13Bratislava
50%
48,20Vienna
49%
47,47Budapest
45%
47,13Vaduz
38%
46,95Bern
37%
37,97Athens
35%
46,05Ljubljana
33%
35,88Valletta
33%
45,82Zagreb
33%
44,42Bucharest
32%
47,00Chisinau
32%
44,82Belgrade
30%
40,38Madrid
29%
38,70Lisbon
27%
41,90Rome
27%
43,93San Marino
26%
43,87Sarajevo
25%
41,32Tirana
24%
42,70Sofia
23%
42,00Skopje
22%
41,90Vatican City
22%
43,72Monaco
21%
42,67Pristina
20%
42,43Podgorica
18%
42,50Andorra La Vella
17%

Score Distribution

Percentile by Number Answered

Percent of People with Each Score

Your Score History

You have not taken this quiz